|
|
|
|
| LEADER |
00000naa2a2200000 4500 |
| 001 |
494345 |
| 005 |
20231101100552.0 |
| 035 |
|
|
|a (RuTPU)RU\TPU\prd\163883
|
| 035 |
|
|
|a RU\TPU\tpu\3581
|
| 090 |
|
|
|a 494345
|
| 100 |
|
|
|a 20121227a1960 k y0rusy50 ca
|
| 101 |
0 |
|
|a rus
|
| 102 |
|
|
|a BY
|
| 200 |
1 |
|
|a Температурное поле в телах эллипсного сечения при внутренних источниках тепла
|f Г. П. Бойков, Ю. А. Короленко
|
| 461 |
|
0 |
|0 (RuTPU)RU\TPU\prd\1514
|x 0021-0285
|t Инженерно-физический журнал
|l Journal of Engineering Physics and Thermophysics
|o научный журнал
|f Академия наук Белорусской ССР (АН БССР), Институт тепло- и массообмена им. А. В. Лыкова (ИТМО)
|d 1958-
|
| 463 |
|
0 |
|0 (RuTPU)RU\TPU\prd\163882
|t Т. 3, № 12
|v С. 107-110
|d 1960
|
| 610 |
1 |
|
|a температурное поле
|
| 610 |
1 |
|
|a труды учёных ТПУ
|
| 610 |
1 |
|
|a внутренние источники тепла
|
| 700 |
|
1 |
|a Бойков
|b Г. П.
|
| 701 |
|
1 |
|a Короленко
|b Ю. А.
|
| 801 |
|
0 |
|a RU
|b 63413507
|c 20011210
|g PSBO
|
| 801 |
|
2 |
|a RU
|b 63413507
|c 20121228
|g PSBO
|
| 942 |
|
|
|c BK
|